| 000 | 00528nam a22001937a 4500 | ||
|---|---|---|---|
| 003 | OSt | ||
| 005 | 20140310182842.0 | ||
| 008 | 130608t xxu||||| |||| 00| 0 eng d | ||
| 050 |
_aGT 3040 _b.D389 1993 |
||
| 082 |
_aM 600 _bD 1993 |
||
| 245 |
_aGuide to receiving free gifts and good deals / _cDempsey, Susan |
||
| 260 |
_aSanta Monica : _bSanta Monica Press, _c1993. |
||
| 300 |
_a128 p. : _c17 cm. |
||
| 521 | _acollege students | ||
| 526 | _c1210L-1700L | ||
| 541 | _j1 | ||
| 562 | _e1 | ||
| 942 |
_2lcc _cBK _kM |
||
| 999 |
_c16864 _d16864 |
||